All Minecraft Blocks - Statistics

General Stats
  • This quiz has been taken 12 times
  • The average score is 47 of 265
Answer Stats
Answer % Correct
Wood
91%
Grass
73%
Stone
73%
Dirt
64%
Bed
55%
Redstone
55%
Sand
55%
Wool
55%
Andesite
45%
Chest
45%
Cobblestone
45%
Diamond Block
45%
Diamond Ore
45%
Diorite
45%
Furnace
45%
Gold Block
45%
Granite
45%
Netherrack
45%
Obsidian
45%
Redstone Ore
45%
Sandstone
45%
Wheat
45%
Bedrock
36%
Beehive
36%
Clay
36%
Coal Block
36%
Coal Ore
36%
Crafting Table
36%
Emerald Block
36%
Ender Chest
36%
Glass
36%
Gold Ore
36%
Gravel
36%
Ice
36%
Iron Block
36%
Lapis Lazuli Block
36%
Lapis Lazuli Ore
36%
Lava
36%
Leaves
36%
Log
36%
Moss
36%
Mycelium
36%
Redstone Block
36%
Repeater
36%
Snow
36%
Stone Button
36%
TNT
36%
Water
36%
Amethyst
27%
Ancient debris
27%
Anvil
27%
Basalt
27%
Blackstone
27%
Blue Ice
27%
Bricks
27%
Button
27%
Carpet
27%
Cauldron
27%
Chain
27%
Cobweb
27%
Coral
27%
Emerald Ore
27%
Enchanting Table
27%
End Stone
27%
Glass Pane
27%
Honey Block
27%
Mossy Cobblestone
27%
Netherite Block
27%
Nether Quartz
27%
Prismarine
27%
Pumpkin
27%
Purpur
27%
Sapling
27%
Slime Block
27%
Snow Block
27%
Soul Sand
27%
Spawner
27%
Sponge
27%
Banner
18%
Barrel
18%
Brewing Stand
18%
Brown Mushroom
18%
Cactus
18%
Cartography Table
18%
Coarse Dirt
18%
Comparator
18%
Composter
18%
Concrete
18%
Concrete Powder
18%
Copper Block
18%
Copper Ore
18%
Dark Prismarine
18%
Daylight Sensor
18%
Deepslate
18%
Dispenser
18%
Dripstone
18%
Dropper
18%
Fletching Table
18%
Glazed Terracotta
18%
Grass Block
18%
Hopper
18%
Lantern
18%
Lever
18%
Lightning Rod
18%
Lily Pad
18%
Loom
18%
Melon
18%
Mossy Stone Bricks
18%
Nether Bricks
18%
Nether Gold Ore
18%
Nether Wart
18%
Nether Wart Block
18%
Observer
18%
Packed Ice
18%
Piston
18%
Podzol
18%
Prismarine Bricks
18%
Quartz Block
18%
Red Mushroom
18%
Red Sand
18%
Sea Lantern
18%
Smithing Table
18%
Smoker
18%
Smooth Stone
18%
Stained Glass
18%
Stained Glass Pane
18%
Sticky Piston
18%
Stone Bricks
18%
Stone Pressure Plate
18%
Stone Stairs
18%
Stone Wall
18%
Sugarcane
18%
Target
18%
Terracotta
18%
Torch
18%
Vines
18%
Wet Sponge
18%
Wood Fence
18%
Wood Fence Gate
18%
Wood Pressure Plate
18%
Wood Slab
18%
Wood Stairs
18%
Activator Rail
9%
Allium
9%
Amethyst Block
9%
Bamboo
9%
Beacon
9%
Bee Nest
9%
Blast Furnace
9%
Cake
9%
Calcite
9%
Campfire
9%
Candle
9%
Cocoa
9%
Coral Block
9%
Creeper Head
9%
Crimson Nylium
9%
Crying Obsidian
9%
Cut Copper
9%
Dandelion
9%
Dead Coral
9%
Deepslate Bricks
9%
End Portal Frame
9%
Farmland
9%
Flower Pot
9%
Gilded Blackstone
9%
Glowberry
9%
Glowstone
9%
Haybale
9%
Honeycomb
9%
Iron Bars
9%
Iron Door
9%
Iron Trapdoor
9%
Item Frame
9%
Jack o Lantern
9%
Jukebox
9%
Kelp
9%
Ladder
9%
Moss Carpet
9%
Mushroom Stem
9%
Note Block
9%
Potatoes
9%
Power Rail
9%
Rail
9%
Red Mushroom Block
9%
Red Nether Bricks
9%
Red Sandstone
9%
Redstone Lamp
9%
Redstone Torch
9%
Rooted Dirt
9%
Seagrass
9%
Sea Pickle
9%
Shulker Box
9%
Soul Campfire
9%
Soul Lantern
9%
Soul Soil
9%
Stonecutter
9%
Stone Slab
9%
Tinted Glass
9%
Trapped Chest
9%
Tripwire
9%
Tuff
9%
Waxed Copper
9%
Wooden Planks
9%
Wood Trapdoor
9%
Zombie Head
9%
Azalea
0%
Azalea Leaves
0%
Azure Bluet
0%
Beetroot
0%
Bell
0%
Carved Pumpkin
0%
Chorus Flower
0%
Chorus Plant
0%
Conduit
0%
Cornflower
0%
Crimson Fungus
0%
Crimson Hyphae
0%
Crimson Roots
0%
Dead Bush
0%
Detector Rail
0%
Dirt Path
0%
Dragon Egg
0%
Dragon Head
0%
Dried Kelp Block
0%
Dripleaf
0%
End Rod
0%
Fern
0%
Glow Item Frame
0%
Glow Lichen
0%
Grindstone
0%
Hanging Roots
0%
Heavy Weighted Pressure Plate
0%
Lecturn
0%
Light Weighted Pressure Plate
0%
Lilac
0%
Lily of the Valley
0%
Lodestone
0%
Nether Sprouts
0%
Oxeye Daisy
0%
Pointed Dripstone
0%
Poppy
0%
Powder Snow
0%
Purpur Pillar
0%
Quartz Bricks
0%
Quartz Pillar
0%
Respawn Anchor
0%
Rose Bush
0%
Scaffolding
0%
Shroomlight
0%
Sign
0%
Skeleton Skull
0%
Soul Torch
0%
Spore Blossom
0%
Sunflower
0%
Sweet Berry Bush
0%
Tulip
0%
Turtle Egg
0%
Twisting Vines
0%
Weeping Vines
0%
Wither Rose
0%
Wither Skeleton Skull
0%
No matching quizzes found
Score Distribution
Percent of People with Each Score
Percentile by Number Answered
Your Score History
You have not taken this quiz